000 01007nam a2200265Ia 4500
003 OSt
005 20221005113535.0
006 a|||||r|||| 00| 0
007 ta
008 221004b |||||||| |||| 00| 0 pan d
020 _a9789387629530 (hbk)
_cINR 225.00
024 _a45253
037 _b1064, 12/02/2019, H.K. Prakashan
_cTextual
040 _aCRL
_cCRL
_bpan
041 _2pan
_apan
082 _aO153,3:g, Q8
100 _aਕੌਰ, ਅੰਮ੍ਰਿਤਪਾਲ, ਂਚ.
245 0 _aਪੰਜਾਬੀ ਗਲਪ ਸਭਿਆਚਾਰਕ ਰਿFਤਿਆਂ ਦਾ ਪ੍ਰਵਚਨ
260 _aਲੁਧਿਆਨਾ
_bਚੇਤਨਾ ਪ੍ਰਕਾFਨ ਭਾਰਤ
_c2018
300 _a141ਪ੍ਰ0
_ccm.
650 _a ਪੰਜਾਬੀ ਕਹਾਣੀ
650 _aਪੰਜਾਬੀ ਸਾਹਿਤ
942 _hO153,3:g, Q8
_cTEXL
_2cc
999 _c1028524
_d1028524